| 000 | 01321cam a22001934a 4500 | ||
|---|---|---|---|
| 005 | 20250605164358.0 | ||
| 008 | 250528s ||||||||||||||||||||||||d | ||
| 035 | _a24435 | ||
| 040 |
_aGR-AtMCL _bgre _dGR-AtMCL _eAACR2 |
||
| 245 | 1 | _aΧτίζοντας Σχέσεις Εμπιστοσύνης σε μία Απαιτητική Αγορά | |
| 260 | _c2016 | ||
| 300 | _a34 | ||
| 520 | _aThe Big Read: Ηθικό Επιχειρείν - Γρήγορη Ενσωμάτωση και Εντονότερη Διαφάνεια, Insights: Agency Tips - Πώς τα Digital Agencies Κερδίζουν τις Καρδιές των Πελατών, Επί Τάπητος: Τηλεοπτικές Άδειες - Αρχίζουν τα Όργανα, Marketing: Χυμοί και Αναψυκτικά - Καινοτομία και Value for Money και Brand Game και Βασικοί Παράγοντες Υπεροχής, Corporate Affairs Excellence Awards '16: Ανάδειξη Επιτυχημένων Πρακτικών στον Κλάδο των Εταιρικών Υποθέσεων, Advertising: New Business - Ανάθεση στη Social από τον Όμιλο FF. | ||
| 700 | 1 |
_aΚορδελάς Δημήτρης _99464 |
|
| 942 | _cCR | ||
| 710 | 2 |
_aThe Marketing Week _99825 |
|
| 999 |
_c9317 _d9317 |
||